UK Town and City Trivia - Oxford - Statistics

General Stats
  • This quiz has been taken 78 times
  • The average score is 9 of 15
Answer Stats
Hint Answer % Correct
Two rivers that flow through and around Oxford (one is known by two names!) Thames (or Isis)
96%
Professor of Anglo-Saxon who wrote 'The Hobbit' while at Pembroke College J.R.R. Tolkien
85%
Fellow at Magdalen College who wrote 'The Lion, the Witch and the Wardrobe' C.S. Lewis
84%
Oxford's other university, with a campus at Headington Oxford Brookes
82%
Main research library of the University of Oxford, one of the oldest in Europe Bodleian
76%
Oxford's principal hospital and cardiothoracic centre of excellence John Radcliffe
64%
Cherwell
63%
Names used by the University of Oxford for the three, eight-week long, academic periods used for teaching undergraduates Michaelmas
61%
Art and Archaeology museum on Beaumont Street Ashmolean
60%
12th century tower at the ancient heart of Oxford Carfax
51%
Trinity
43%
Hilary
42%
Motor vehicle manufacturing company that was formed in Cowley in 1919 Morris Motors
37%
Author of 'The Hunting of the Snark', who achieved First Class Honours in Mathematics while studying at Christchurch College. Lewis Carroll
36%
Major trunk road between London and Fishguard that lies on Oxford's northern boundary A40
33%
No matching quizzes found
Score Distribution
Percent of People with Each Score
Percentile by Number Answered
Your Score History
You have not taken this quiz